| 000 | 01261cam a22003374a 4500 | ||
|---|---|---|---|
| 001 | 12948060 | ||
| 003 | OSt | ||
| 005 | 20211117092919.0 | ||
| 008 | 020927s2002 dcua b 000 0 eng | ||
| 010 | _a 2002034328 | ||
| 020 | _a082135339X | ||
| 040 |
_aDLC _chu _dDLC |
||
| 042 | _apcc | ||
| 043 | _aec----- | ||
| 050 | 0 | 0 |
_aHC244.Z9 _bP62 2002 |
| 082 | 0 | 0 |
_a362.84/91497043 _221 |
| 100 | 1 |
_aRevenga, Ana, _d1963- _918796 |
|
| 245 | 1 | 0 |
_aPoverty and ethnicity : _ba cross-country study of Roma poverty in Central Europe / _cAna Revenga, Dena Ringold, William Martín Tracy. |
| 260 |
_aWashington : _bWorld Bank, _cc2002. |
||
| 300 |
_aix, 44 p. : _bill. ; _c28 cm. |
||
| 440 | 0 |
_aWorld Bank technical paper ; _vno. 531 _97138 |
|
| 504 | _aIncludes bibliographical references. | ||
| 650 | 0 |
_aPoverty _zEurope, Central. _918797 |
|
| 650 | 0 |
_aRomanies _zEurope, Central _xEconomic conditions. _918798 |
|
| 651 | 0 |
_aEurope, Central _xEconomic conditions. _918799 |
|
| 700 | 1 |
_aRingold, Dena, _d1970- _918800 |
|
| 700 | 1 |
_aTracy, William Martín, _d1975- _918801 |
|
| 906 |
_a7 _bcbc _corignew _d1 _eocip _f20 _gy-gencatlg |
||
| 942 |
_2ddc _cBOOKS _n0 |
||
| 999 |
_c18609 _d18609 |
||